Islam in historical perspective / (Registro nro. 9790)

Detalles MARC
000 -LEADER
campo de control de longitud fija 03478cam a2200505 a 4500
003 - IDENTIFICADOR DE NÚMERO DE CONTROL
campo de control PE-LiUPU
005 - FECHA Y HORA DE LA ÚLTIMA TRANSACCIÓN
campo de control 20250731172849.0
008 - DATOS DE LONGITUD FIJA--INFORMACIÓN GENERAL
campo de control de longitud fija 100826s2011 njua rb 001 0 eng
020 ## - NÚMERO INTERNACIONAL ESTÁNDAR DEL LIBRO
Número Internacional Estándar del Libro 0321398777
Información calificativa (alk. paper)
020 ## - NÚMERO INTERNACIONAL ESTÁNDAR DEL LIBRO
Número Internacional Estándar del Libro 9780321398772
Información calificativa (alk. paper)
035 ## - NÚMERO DE CONTROL DEL SISTEMA
Número de control de sistema (Sirsi) i9780321398772
040 ## - FUENTE DE CATALOGACIÓN
Centro catalogador/agencia de origen DLC
Lengua de catalogación spa
Centro/agencia transcriptor DLC
Centro/agencia modificador YDX
-- YDXCP
-- BWX
-- CDX
-- IUL
-- IG#
-- UKMGB
-- BDX
-- ZCU
-- AWC
-- OCLCF
-- OCLCQ
-- CHVBK
-- S3O
-- OCLCQ
-- PE-LiUPU
049 ## - FONDOS LOCALES (OCLC)
Biblioteca depositaria PRUA
082 00 - NÚMERO DE LA CLASIFICACIÓN DECIMAL DEWEY
Número de clasificación 297
Cutter K65
Número de edición 22
100 1# - ENTRADA PRINCIPAL--NOMBRE DE PERSONA
Nombre de persona Knysh, Alexander D.,
Término indicativo de función/relación autor.
245 10 - MENCIÓN DEL TÍTULO
Título Islam in historical perspective /
Mención de responsabilidad, etc. Alexander Knysh.
264 ## - PRODUCCIÓN, PUBLICACIÓN, DISTRIBUCIÓN, FABRICACIÓN Y COPYRIGHT
Producción, publicación, distribución, fabricación y copyright Upper Saddle River, NJ :
Nombre del de productor, editor, distribuidor, fabricante Pearson Prentice Hall,
Fecha de producción, publicación, distribución, fabricación o copyright 2011.
300 ## - DESCRIPCIÓN FÍSICA
Extensión xiii, 534 páginas :
Otras características físicas ilustraciones ;
Dimensiones 24 centímetros.
336 ## - TIPO DE CONTENIDO
Término de tipo de contenido text
Código de tipo de contenido txt
Fuente rdacontent
337 ## - TIPO DE MEDIO
Nombre/término del tipo de medio unmediated
Código del tipo de medio n
Fuente rdamedia
338 ## - TIPO DE SOPORTE
Nombre/término del tipo de soporte volume
Código del tipo de soporte nc
Fuente rdacarrier
504 ## - NOTA DE BIBLIOGRAFÍA, ETC.
Nota de bibliografía, etc. Bibliografía : páginas 506-516.
504 ## - NOTA DE BIBLIOGRAFÍA, ETC.
Nota de bibliografía, etc. Indice : páginas 518-534.
505 0# - NOTA DE CONTENIDO CON FORMATO
Nota de contenido con formato Preface -- Introduction -- Arabia : the cradle of Islam -- Muhammad and the beginning of Islam : the making of the Muslim community -- After Muhammad : the "rightly guided" caliphs and the Arab conquests -- The murder of 'Uthman, the fitna wars, and the rise and consolidation of the Umayyad dynasty -- The principal source of Islam : the Qur'an -- The prophetic Hadith and Sunna and the emergence of the Shari'a -- The first divisions within the community and the problem of the just ruler -- The 'Abbásid revolution and beyond -- Islamic scholarship under the 'Abbásids : the rise and development of the schools of law -- Islamic scholarship under the 'Abbásids : theological debates and schools of thought -- Twelver Shi'ism and Zaydism -- Shi'ism as a revolutionary movement : the Ismaʻilis -- Ascetic and mystical movements : origins, teachings, and practices -- The institutional and social aspects of later Sufism -- Intellectual struggles in premodern Islam : philosophy versus theology -- Transmission and conservation of knowledge : ʻUlamáʼ, Mádrasas, and Sufi lodges -- The basic beliefs and practices of Islam : Islamic life cycle -- Islamic art religious architecture (Mosque) -- The status of women in Islam in historical perspective -- Islam and the West -- The religious policies of the gunpowder empires : the world of Islam faces modernity and European colonialsim -- Renewal and reform in Islam : the emergence of Islamic modernism and reformism -- Islam as a political force and vehicle of opposition/resistance -- Islam reinterpreted : major trends in Islamic thought today -- The ideology and practice of globalized Jihadism -- Conclusion : Whither Islam?.
526 ## - NOTA DE INFORMACIÓN SOBRE EL PROGRAMA DE ESTUDIO
Nombre del programa Segunda Especialidad En Profecías Bíblicas
526 ## - NOTA DE INFORMACIÓN SOBRE EL PROGRAMA DE ESTUDIO
Nombre del programa Segunda Especialidad En Nuevo Testamento
526 ## - NOTA DE INFORMACIÓN SOBRE EL PROGRAMA DE ESTUDIO
Nombre del programa Segunda Especialidad En Antiguo Testamento
526 ## - NOTA DE INFORMACIÓN SOBRE EL PROGRAMA DE ESTUDIO
Nombre del programa Segunda Especialidad En Estudios Adventistas
526 ## - NOTA DE INFORMACIÓN SOBRE EL PROGRAMA DE ESTUDIO
Nombre del programa Doctorado en teología
526 ## - NOTA DE INFORMACIÓN SOBRE EL PROGRAMA DE ESTUDIO
Nombre del programa Maestría en teología histórica
526 ## - NOTA DE INFORMACIÓN SOBRE EL PROGRAMA DE ESTUDIO
Nombre del programa Maestría en teología bíblica
526 ## - NOTA DE INFORMACIÓN SOBRE EL PROGRAMA DE ESTUDIO
Nombre del programa Maestría en teología
526 ## - NOTA DE INFORMACIÓN SOBRE EL PROGRAMA DE ESTUDIO
Nombre del programa Maestría en misionología
526 ## - NOTA DE INFORMACIÓN SOBRE EL PROGRAMA DE ESTUDIO
Nombre del programa Maestría en liderazgo eclesiástico
526 ## - NOTA DE INFORMACIÓN SOBRE EL PROGRAMA DE ESTUDIO
Nombre del programa Teología
596 ## -
-- 1
650 #0 - PUNTO DE ACCESO ADICIONAL DE MATERIA--TÉRMINO DE MATERIA
Término de materia o nombre geográfico como elemento de entrada Islam
Subdivisión general Historia.
650 #0 - PUNTO DE ACCESO ADICIONAL DE MATERIA--TÉRMINO DE MATERIA
Término de materia o nombre geográfico como elemento de entrada Islam
Subdivisión general Historiografía.
910 ## - DATOS DE OPCIÓN DEL USUARIO (OCLC)
-- ck
-- hop
-- hop
-- 20160607
942 ## - ELEMENTOS DE ENTRADA SECUNDARIOS (KOHA)
Fuente del sistema de clasificación o colocación Clasificación Decimal Dewey
Tipo de ítem Koha
949 ## - PROCESAMIENTO DE INFORMACIÓN LOCAL (OCLC)
a 297 K65
w DEWEY
c 1
i 73249
d 2016-11-25
e 2016-11-20
l CCODEBUL1
m BUL
n 1
p 53.00
r 0
s Y
t BOOK
u 2016-6-7
x TEOLOGIA
-- P85
0 COMPRA
o .STAFF. Posgrado
994 ## -
-- C0
-- PEPRU
999 ## - NÚMEROS DE CONTROL DE SISTEMA (KOHA)
-- DEWEY
-- 73249
-- 2018-6-17
-- 2021-11-11
-- 5
-- CCODEBUL1
-- BUL
-- 2
-- 53.00
-- 5
-- 0
-- Y
-- BOOK
-- 2016-6-7
-- TEOLOGIA
-- P85
-- COMPRA
-- .STAFF. Colección Teología
980 ## - EQUIVALENCIA O REFERENCIA-CRUZADA-MENCIÓN DE SERIE--NOMBRE DE PERSONA/TÍTULO [LOCAL, CANADÁ]
ID del último usuario que modificó el registro 1
Nombre del último usuario que modificó el registro ALBERTO SANCHEZ Responsable de Automatización
Existencias
Visto por última vez Número de inventario Total de préstamos Signatura topográfica completa Código de barras Fecha del último préstamo Copia número Coste, precio de reemplazo Fecha de reemplazo Facultad Tipo de ítem Koha Nota pública Estado de pérdida Fuente del sistema de clasificación o colocación Restricciones de uso No para préstamo Colección Programa académico Biblioteca de origen Biblioteca actual Ubicación en estantería Fecha de adquisición Fuente de adquisición Coste, precio normal de compra
2025-12-02 6 2 297 K65 73249 2018-06-17 e1 58.00 2016-06-07   Libros físicos inventario-2023-12-13 No Perdido Clasificación Decimal Dewey No restringido Disponible para préstamos Colección General Maestría en teología Biblioteca CRAI UPeU Lima Biblioteca CRAI UPeU Lima Sala principal 2016-06-07 COMPRA 53.00